| 000 | 00510cam a22001457a 4500 | ||
|---|---|---|---|
| 008 | 180718b1980 xxu||||| |||| 00| 0 eng d | ||
| 082 | _aT25 P943 | ||
| 245 |
_aNational symposium on effectiveness of project scheduling and monitoring _cby Project Management Association, India |
||
| 260 |
_aDelhi _bMinistry of Planning and Planning Commission _c1980 |
||
| 300 | _a308p. | ||
| 650 | _aMonitoring | ||
| 650 | _aScheduling | ||
| 650 | _aEffectiveness ---Project | ||
| 700 | _aIndia. Project Management Association | ||
| 999 |
_c500721 _d500721 |
||